[Event "Baku Chess Olympiad | Open"]
[Site "chess24.com"]
[Date "2016.09.12"]
[Round "10"]
[White "Solomon, Kenny"]
[Black "Makoto, Rodwell"]
[Result "0-1"]
[Board "1"]
[WhiteID "14300192"]
[WhiteElo "2371"]
[WhiteTitle "GM"]
[WhiteCountry "RSA"]
[WhiteFideId "14300192"]
[WhiteEloChange "-9"]
[BlackID "11000120"]
[BlackElo "2405"]
[BlackTitle "IM"]
[BlackCountry "ZIM"]
[BlackFideId "11000120"]
[BlackEloChange "5"]

1. d4 {[%clk 1:30:55]} f5 {[%clk 1:30:22]} 2. g3 {[%clk 1:31:13]} Nf6 {[%clk
1:30:47]} 3. Bg2 {[%clk 1:31:37]} e6 {[%clk 1:31:15]} 4. Nf3 {[%clk 1:31:31]} c6
{[%clk 1:31:32]} 5. c4 {[%clk 1:31:24]} d5 {[%clk 1:31:55]} 6. Bf4 {[%clk
1:28:27]} Bd6 {[%clk 1:26:57]} 7. Bxd6 {[%clk 1:24:58]} Qxd6 {[%clk 1:27:20]} 8.
O-O {[%clk 1:20:49]} Nbd7 {[%clk 1:24:29]} 9. Qb3 {[%clk 1:13:22]} O-O {[%clk
1:23:43]} 10. Qa3 {[%clk 1:12:12]} Qc7 {[%clk 1:10:30]} 11. Nbd2 {[%clk 1:05:38]}
e5 {[%clk 0:55:29]} 12. cxd5 {[%clk 0:41:12]} Nxd5 {[%clk 0:55:31]} 13. Ng5
{[%clk 0:31:14]} N7f6 {[%clk 0:53:43]} 14. dxe5 {[%clk 0:24:32]} Qxe5 {[%clk
0:53:59]} 15. e3 {[%clk 0:24:47]} h6 {[%clk 0:34:39]} 16. Ngf3 {[%clk 0:25:11]}
Qe7 {[%clk 0:34:30]} 17. Qxe7 {[%clk 0:25:00]} Nxe7 {[%clk 0:34:54]} 18. Nd4
{[%clk 0:24:40]} Rd8 {[%clk 0:24:43]} 19. Rfc1 {[%clk 0:24:05]} Bd7 {[%clk
0:24:32]} 20. N2b3 {[%clk 0:18:57]} Be8 {[%clk 0:21:02]} 21. Nc5 {[%clk 0:17:35]}
Rab8 {[%clk 0:20:03]} 22. b4 {[%clk 0:16:42]} Bf7 {[%clk 0:19:05]} 23. a3 {[%clk
0:14:07]} Bd5 {[%clk 0:18:50]} 24. Bh3 {[%clk 0:14:03]} g6 {[%clk 0:19:07]} 25.
f3 {[%clk 0:12:03]} Nc8 {[%clk 0:18:23]} 26. Bf1 {[%clk 0:07:32]} Nd6 {[%clk
0:18:34]} 27. Bd3 {[%clk 0:07:46]} Re8 {[%clk 0:18:01]} 28. Kf2 {[%clk 0:08:13]}
Re7 {[%clk 0:17:37]} 29. Rc2 {[%clk 0:07:31]} Rbe8 {[%clk 0:17:52]} 30. Re1
{[%clk 0:07:51]} Nf7 {[%clk 0:17:49]} 31. Rc3 {[%clk 0:03:15]} Ne5 {[%clk
0:16:00]} 32. Bc2 {[%clk 0:00:50]} Nxf3 {[%clk 0:12:12]} 33. Nxf3 {[%clk
0:01:14]} Ng4+ {[%clk 0:12:37]} 34. Ke2 {[%clk 0:00:41]} Nxe3 {[%clk 0:11:25]}
35. Kd2 {[%clk 0:00:47]} Nc4+ {[%clk 0:11:08]} 36. Rxc4 {[%clk 0:00:59]} Bxc4
{[%clk 0:11:02]} 37. Rxe7 {[%clk 0:01:05]} Rxe7 {[%clk 0:11:23]} 38. Nd4 {[%clk
0:00:38]} Kf7 {[%clk 0:10:54]} 39. h4 {[%clk 0:00:42]} h5 {[%clk 0:10:04]} 40.
Bd1 {[%clk 0:30:38]} Bd5 {[%clk 0:39:49]} 41. a4 {[%clk 0:24:51]} Kf6 {[%clk
0:39:04]} 42. Bc2 {[%clk 0:24:14]} b6 {[%clk 0:33:53]} 43. Nd3 {[%clk 0:22:31]}
Be4 {[%clk 0:31:45]} 44. Ne2 {[%clk 0:16:15]} g5 {[%clk 0:30:24]} 45. Nc3 {[%clk
0:08:11]} Bf3 {[%clk 0:28:36]} 46. Nf2 {[%clk 0:06:21]} gxh4 {[%clk 0:23:52]} 47.
gxh4 {[%clk 0:06:51]} f4 {[%clk 0:23:24]} 48. Nd3 {[%clk 0:01:03]} Rd7 {[%clk
0:23:21]} 49. Ke1 {[%clk 0:01:21]} Rd4 {[%clk 0:23:14]} 50. b5 {[%clk 0:00:36]}
c5 {[%clk 0:23:14]} 51. Nf2 {[%clk 0:00:40]} Bg4 {[%clk 0:21:37]} 52. Bd3 {[%clk
0:00:35]} f3 {[%clk 0:20:55]} 53. Be4 {[%clk 0:00:44]} c4 {[%clk 0:20:19]} 54.
Bc6 {[%clk 0:00:38]} Ke5 {[%clk 0:20:20]} 55. Bb7 {[%clk 0:00:33]} Kf4 {[%clk
0:20:20]} 56. Nfe4 {[%clk 0:00:33]} Bf5 {[%clk 0:18:52]} 57. Nf2 {[%clk 0:01:02]}
Kg3 {[%clk 0:16:24]} 58. Ncd1 {[%clk 0:00:41]} Rxh4 {[%clk 0:14:37]} 59. Ne3
{[%clk 0:01:09]} Bg6 {[%clk 0:13:46]} 60. Nf1+ {[%clk 0:01:02]} Kf4 {[%clk
0:13:40]} 61. Nd2 {[%clk 0:00:33]} c3 {[%clk 0:13:41]} 62. Nxf3 {[%clk 0:00:55]}
Rg4 {[%clk 0:05:37]} 63. Nxg4 {[%clk 0:01:22]} hxg4 {[%clk 0:05:56]} 64. Nh4
{[%clk 0:00:32]} Bc2 {[%clk 0:06:02]} 65. Ng2+ {[%clk 0:00:42]} Ke5 {[%clk
0:05:41]} 66. Ne3 {[%clk 0:00:38]} Bxa4 {[%clk 0:06:01]} 67. Nxg4+ {[%clk
0:00:36]} Kd4 {[%clk 0:06:11]} 68. Bc6 {[%clk 0:00:34]} a5 {[%clk 0:06:17]} 69.
Nh2 {[%clk 0:00:32]} Kd3 {[%clk 0:06:12]} 70. Be8 {[%clk 0:00:35]} c2 {[%clk
0:06:31]} 71. Bg6+ {[%clk 0:01:04]} Kc3 {[%clk 0:06:54]} 72. Bxc2 {[%clk
0:01:23]} Kxc2 {[%clk 0:07:17]} 73. Nf3 {[%clk 0:01:46]} Kc3 {[%clk 0:07:18]} 74.
Ne5 {[%clk 0:01:41]} Bxb5 {[%clk 0:07:32]} 75. Kd1 {[%clk 0:02:07]} Bd3 {[%clk
0:07:32]} 76. Nd7 {[%clk 0:01:25]} b5 {[%clk 0:07:33]} 77. Nb6 {[%clk 0:01:12]}
Be4 {[%clk 0:07:57]} 0-1

[Event "Baku Chess Olympiad | Open"]
[Site "chess24.com"]
[Date "2016.09.12"]
[Round "10"]
[White "Mandizha, Farai"]
[Black "Kobese, Watu"]
[Result "1/2-1/2"]
[Board "2"]
[WhiteID "11000430"]
[WhiteElo "2357"]
[WhiteTitle "IM"]
[WhiteCountry "ZIM"]
[WhiteFideId "11000430"]
[BlackID "14300141"]
[BlackElo "2350"]
[BlackTitle "IM"]
[BlackCountry "RSA"]
[BlackFideId "14300141"]

1. Nf3 {[%clk 1:30:44]} d5 {[%clk 1:30:47]} 2. c4 {[%clk 1:29:58]} e6 {[%clk
1:30:55]} 3. g3 {[%clk 1:29:01]} c5 {[%clk 1:27:09]} 4. Bg2 {[%clk 1:28:50]} Nc6
{[%clk 1:27:29]} 5. O-O {[%clk 1:28:16]} Nf6 {[%clk 1:27:51]} 6. d4 {[%clk
1:27:41]} Be7 {[%clk 1:28:12]} 7. dxc5 {[%clk 1:27:11]} O-O {[%clk 1:25:43]} 8.
a3 {[%clk 1:20:29]} dxc4 {[%clk 1:21:21]} 9. Qc2 {[%clk 1:17:08]} Na5 {[%clk
1:16:33]} 10. Nbd2 {[%clk 1:10:41]} Qd5 {[%clk 1:16:13]} 11. e4 {[%clk 1:09:09]}
Qxc5 {[%clk 1:06:06]} 12. e5 {[%clk 1:08:39]} Nd5 {[%clk 1:04:04]} 13. Ne4 {[%clk
1:08:59]} Qc7 {[%clk 1:01:22]} 14. Neg5 {[%clk 1:04:43]} g6 {[%clk 0:59:41]} 15.
Qe4 {[%clk 0:59:55]} Kg7 {[%clk 0:54:57]} 16. Nd4 {[%clk 0:39:16]} Bd7 {[%clk
0:50:53]} 17. Qh4 {[%clk 0:33:52]} Rh8 {[%clk 0:29:57]} 18. Bxd5 {[%clk 0:23:37]}
h6 {[%clk 0:27:47]} 19. Ngxe6+ {[%clk 0:19:25]} Bxe6 {[%clk 0:27:37]} 20. Qe4
{[%clk 0:19:51]} Bxd5 {[%clk 0:18:27]} 21. Qxd5 {[%clk 0:20:19]} Rhd8 {[%clk
0:15:27]} 22. Qe4 {[%clk 0:20:45]} Rxd4 {[%clk 0:14:59]} 23. Qxd4 {[%clk
0:21:14]} Nb3 {[%clk 0:15:23]} 24. Qc3 {[%clk 0:21:40]} Nxa1 {[%clk 0:15:45]} 25.
Bf4 {[%clk 0:22:08]} Nb3 {[%clk 0:15:42]} 26. e6+ {[%clk 0:14:45]} Bf6 {[%clk
0:16:06]} 27. Bxc7 {[%clk 0:13:57]} Bxc3 {[%clk 0:16:31]} 28. bxc3 {[%clk
0:14:25]} fxe6 {[%clk 0:10:56]} 29. Rd1 {[%clk 0:13:40]} Nc5 {[%clk 0:11:20]} 30.
Rd4 {[%clk 0:13:39]} b5 {[%clk 0:11:28]} 31. Be5+ {[%clk 0:12:59]} Kf7 {[%clk
0:11:43]} 32. Rd6 {[%clk 0:02:36]} Rc8 {[%clk 0:11:31]} 33. Bd4 {[%clk 0:03:04]}
Ke7 {[%clk 0:11:45]} 34. Bxc5 {[%clk 0:03:32]} Rxc5 {[%clk 0:12:15]} 35. Ra6
{[%clk 0:04:01]} Rc7 {[%clk 0:09:20]} 36. Kf1 {[%clk 0:03:58]} Kf6 {[%clk
0:09:09]} 37. Ke2 {[%clk 0:04:13]} Rd7 {[%clk 0:09:22]} 38. a4 {[%clk 0:03:34]}
Rb7 {[%clk 0:03:38]} 39. axb5 {[%clk 0:03:34]} Ke5 {[%clk 0:04:00]} 40. Ra5
{[%clk 0:31:41]} Kd6 {[%clk 0:32:55]} 41. Ra6+ {[%clk 0:31:44]} Kd5 {[%clk
0:30:37]} 1/2-1/2

[Event "Baku Chess Olympiad | Open"]
[Site "chess24.com"]
[Date "2016.09.12"]
[Round "10"]
[White "Van den Heever, Donovan"]
[Black "Masango, Spencer"]
[Result "0-1"]
[Board "3"]
[WhiteID "14300494"]
[WhiteElo "2247"]
[WhiteTitle "IM"]
[WhiteCountry "RSA"]
[WhiteFideId "14300494"]
[WhiteEloChange "-11"]
[BlackID "14300753"]
[BlackElo "2200"]
[BlackCountry "ZIM"]
[BlackFideId "14300753"]
[BlackEloChange "11"]

1. e4 {[%clk 1:30:55]} e5 {[%clk 1:30:43]} 2. Nf3 {[%clk 1:31:17]} Nc6 {[%clk
1:30:57]} 3. Bc4 {[%clk 1:31:24]} Bc5 {[%clk 1:31:16]} 4. c3 {[%clk 1:31:00]} d6
{[%clk 1:31:22]} 5. d3 {[%clk 1:28:47]} Nf6 {[%clk 1:31:12]} 6. Nbd2 {[%clk
1:27:35]} O-O {[%clk 1:31:08]} 7. h3 {[%clk 1:25:46]} a6 {[%clk 1:27:44]} 8. Bb3
{[%clk 1:25:51]} Be6 {[%clk 1:23:58]} 9. O-O {[%clk 1:23:29]} b5 {[%clk 1:19:31]}
10. Re1 {[%clk 1:18:40]} Nh5 {[%clk 1:08:57]} 11. d4 {[%clk 1:12:48]} exd4 {[%clk
1:06:42]} 12. Nxd4 {[%clk 1:00:15]} Bxd4 {[%clk 1:06:28]} 13. cxd4 {[%clk
0:59:30]} Nf4 {[%clk 0:54:49]} 14. Nf3 {[%clk 0:52:44]} Bxb3 {[%clk 0:51:17]} 15.
Qxb3 {[%clk 0:48:48]} Ng6 {[%clk 0:47:56]} 16. Qc3 {[%clk 0:44:32]} Qd7 {[%clk
0:43:04]} 17. Bd2 {[%clk 0:32:24]} Nce7 {[%clk 0:36:23]} 18. h4 {[%clk 0:29:28]}
d5 {[%clk 0:22:17]} 19. h5 {[%clk 0:23:57]} dxe4 {[%clk 0:22:30]} 20. Rxe4 {[%clk
0:24:01]} Nd5 {[%clk 0:22:23]} 21. Qd3 {[%clk 0:16:47]} Nge7 {[%clk 0:20:29]} 22.
h6 {[%clk 0:16:03]} g6 {[%clk 0:19:54]} 23. Rae1 {[%clk 0:14:02]} Nc6 {[%clk
0:12:39]} 24. Qe2 {[%clk 0:09:14]} Nf6 {[%clk 0:11:44]} 25. Ne5 {[%clk 0:04:02]}
Qd5 {[%clk 0:05:51]} 26. Nxc6 {[%clk 0:03:26]} Qxc6 {[%clk 0:06:12]} 27. Re5
{[%clk 0:03:26]} Nd5 {[%clk 0:03:05]} 28. Qf3 {[%clk 0:03:15]} Rad8 {[%clk
0:03:25]} 29. Bg5 {[%clk 0:02:29]} f6 {[%clk 0:03:33]} 30. Re6 {[%clk 0:02:36]}
Rd6 {[%clk 0:03:34]} 31. Rxd6 {[%clk 0:02:16]} Qxd6 {[%clk 0:03:55]} 32. Bd2
{[%clk 0:02:34]} Kf7 {[%clk 0:03:59]} 33. Qe4 {[%clk 0:01:54]} Qd7 {[%clk
0:04:11]} 34. Qc2 {[%clk 0:01:44]} Re8 {[%clk 0:04:26]} 35. Rxe8 {[%clk 0:01:17]}
Qxe8 {[%clk 0:03:24]} 36. Qc5 {[%clk 0:01:03]} Qe6 {[%clk 0:02:12]} 37. Ba5
{[%clk 0:00:36]} Qd6 {[%clk 0:02:17]} 38. Qc2 {[%clk 0:00:45]} Ke8 {[%clk
0:01:35]} 39. g3 {[%clk 0:00:53]} Kd7 {[%clk 0:01:45]} 40. a3 {[%clk 0:30:38]}
Qc6 {[%clk 0:31:31]} 41. Qd2 {[%clk 0:21:32]} Qc4 {[%clk 0:29:56]} 42. Kg2 {[%clk
0:19:43]} Ne7 {[%clk 0:29:27]} 43. Bc3 {[%clk 0:17:53]} Qd5+ {[%clk 0:29:02]} 44.
Kg1 {[%clk 0:16:17]} Qe4 {[%clk 0:27:42]} 45. Bb4 {[%clk 0:10:10]} Nd5 {[%clk
0:23:54]} 46. Bf8 {[%clk 0:09:49]} f5 {[%clk 0:23:58]} 47. Bg7 {[%clk 0:08:27]}
f4 {[%clk 0:23:54]} 48. Kh2 {[%clk 0:05:49]} Qf3 {[%clk 0:22:18]} 49. Be5 {[%clk
0:05:15]} Qh5+ {[%clk 0:21:07]} 50. Kg1 {[%clk 0:05:15]} Qxh6 {[%clk 0:20:46]}
51. gxf4 {[%clk 0:04:49]} Qh3 {[%clk 0:20:31]} 52. Qe2 {[%clk 0:03:15]} h5 {[%clk
0:18:49]} 53. Qe4 {[%clk 0:01:32]} Qe6 {[%clk 0:18:31]} 54. f3 {[%clk 0:01:27]}
Ne7 {[%clk 0:17:38]} 55. Kg2 {[%clk 0:00:45]} Qb3 {[%clk 0:12:35]} 56. Kh3 {[%clk
0:00:40]} Qd1 {[%clk 0:11:51]} 57. Bxc7 {[%clk 0:00:35]} Qh1+ {[%clk 0:11:35]}
58. Kg3 {[%clk 0:00:46]} Nf5+ {[%clk 0:11:55]} 59. Kf2 {[%clk 0:01:04]} Qh4+
{[%clk 0:11:38]} 60. Kg1 {[%clk 0:01:18]} Qg3+ {[%clk 0:11:38]} 61. Kf1 {[%clk
0:01:44]} Kxc7 {[%clk 0:11:36]} 62. Qe5+ {[%clk 0:01:21]} Kd7 {[%clk 0:11:10]}
63. d5 {[%clk 0:01:36]} Qxf3+ {[%clk 0:11:20]} 0-1

[Event "Baku Chess Olympiad | Open"]
[Site "chess24.com"]
[Date "2016.09.12"]
[Round "10"]
[White "Mushore, Emarald Takudzwa"]
[Black "Klaasen, Calvin Jong"]
[Result "0-1"]
[Board "4"]
[WhiteID "11309504"]
[WhiteElo "2187"]
[WhiteCountry "ZIM"]
[WhiteFideId "11309504"]
[WhiteEloChange "-10"]
[BlackID "14300133"]
[BlackElo "2177"]
[BlackTitle "FM"]
[BlackCountry "RSA"]
[BlackFideId "14300133"]
[BlackEloChange "10"]

1. e4 {[%clk 1:30:55]} c5 {[%clk 1:30:49]} 2. Nf3 {[%clk 1:31:22]} Nc6 {[%clk
1:31:10]} 3. d4 {[%clk 1:31:47]} cxd4 {[%clk 1:31:36]} 4. Nxd4 {[%clk 1:31:59]}
e6 {[%clk 1:32:01]} 5. Nc3 {[%clk 1:32:07]} Qc7 {[%clk 1:32:25]} 6. Be3 {[%clk
1:32:10]} a6 {[%clk 1:32:16]} 7. Qd2 {[%clk 1:31:13]} Nf6 {[%clk 1:32:15]} 8. f3
{[%clk 1:31:24]} b5 {[%clk 1:29:21]} 9. Nb3 {[%clk 1:30:21]} Be7 {[%clk 1:25:09]}
10. g4 {[%clk 1:30:24]} Ne5 {[%clk 1:16:50]} 11. Qf2 {[%clk 1:29:45]} h6 {[%clk
1:17:01]} 12. Be2 {[%clk 1:23:57]} Bb7 {[%clk 1:02:54]} 13. Bb6 {[%clk 1:20:37]}
Qb8 {[%clk 1:02:17]} 14. O-O-O {[%clk 1:19:30]} b4 {[%clk 0:57:13]} 15. Na4
{[%clk 1:18:28]} Bc6 {[%clk 0:56:33]} 16. h4 {[%clk 1:09:38]} Bxa4 {[%clk
0:51:58]} 17. g5 {[%clk 1:09:53]} Nh5 {[%clk 0:49:53]} 18. Be3 {[%clk 1:09:30]}
Ng3 {[%clk 0:48:51]} 19. Rhg1 {[%clk 1:09:36]} Nxe2+ {[%clk 0:49:11]} 20. Qxe2
{[%clk 1:10:04]} Bxb3 {[%clk 0:35:22]} 21. axb3 {[%clk 1:10:23]} Qb5 {[%clk
0:34:50]} 22. Qf2 {[%clk 1:02:42]} h5 {[%clk 0:35:03]} 23. Bd4 {[%clk 1:00:09]}
Rc8 {[%clk 0:30:35]} 24. Qg3 {[%clk 0:56:15]} Qe2 {[%clk 0:28:44]} 0-1

[Event "Baku Chess Olympiad | Open"]
[Site "chess24.com"]
[Date "2016.09.12"]
[Round "10"]
[White "Jones, Richard S."]
[Black "Husbands, Orlando"]
[Result "0-1"]
[Board "1"]
[WhiteID "1800833"]
[WhiteElo "2396"]
[WhiteTitle "IM"]
[WhiteCountry "WLS"]
[WhiteFideId "1800833"]
[WhiteEloChange "-14"]
[BlackID "11101644"]
[BlackElo "2257"]
[BlackTitle "FM"]
[BlackCountry "BAR"]
[BlackFideId "11101644"]
[BlackEloChange "14"]

1. e4 {[%clk 1:30:57]} c5 {[%clk 1:30:52]} 2. Nf3 {[%clk 1:31:22]} d6 {[%clk
1:31:17]} 3. Bb5+ {[%clk 1:31:48]} Bd7 {[%clk 1:31:37]} 4. Bxd7+ {[%clk 1:32:12]}
Nxd7 {[%clk 1:31:52]} 5. O-O {[%clk 1:32:16]} Ngf6 {[%clk 1:32:16]} 6. Qe2 {[%clk
1:32:05]} Rc8 {[%clk 1:32:37]} 7. Rd1 {[%clk 1:27:15]} e6 {[%clk 1:22:52]} 8. b3
{[%clk 1:23:01]} Be7 {[%clk 1:15:37]} 9. Bb2 {[%clk 1:23:14]} Qc7 {[%clk
1:15:38]} 10. c4 {[%clk 1:23:07]} O-O {[%clk 1:09:57]} 11. Nc3 {[%clk 1:23:04]}
Ne5 {[%clk 1:06:25]} 12. d4 {[%clk 1:18:39]} Nxf3+ {[%clk 1:05:29]} 13. Qxf3
{[%clk 1:19:02]} cxd4 {[%clk 1:05:49]} 14. Nb5 {[%clk 1:10:41]} Qb8 {[%clk
1:03:50]} 15. Nxd4 {[%clk 1:09:53]} a6 {[%clk 1:03:37]} 16. a4 {[%clk 1:09:00]}
Nd7 {[%clk 1:01:32]} 17. Rd2 {[%clk 1:01:50]} Bf6 {[%clk 0:52:52]} 18. Rad1
{[%clk 0:57:14]} Rfd8 {[%clk 0:50:54]} 19. Qg4 {[%clk 0:51:19]} Ne5 {[%clk
0:42:24]} 20. Qg3 {[%clk 0:50:37]} Ng6 {[%clk 0:39:18]} 21. f4 {[%clk 0:36:07]}
d5 {[%clk 0:20:02]} 22. e5 {[%clk 0:34:20]} Bh4 {[%clk 0:18:55]} 23. Qg4 {[%clk
0:21:14]} dxc4 {[%clk 0:16:55]} 24. f5 {[%clk 0:20:49]} exf5 {[%clk 0:16:51]} 25.
Nxf5 {[%clk 0:21:02]} Rxd2 {[%clk 0:16:15]} 26. Rxd2 {[%clk 0:21:15]} c3 {[%clk
0:15:55]} 27. Rc2 {[%clk 0:19:26]} h5 {[%clk 0:14:12]} 0-1

[Event "Baku Chess Olympiad | Open"]
[Site "chess24.com"]
[Date "2016.09.12"]
[Round "10"]
[White "Del Castilho, Martyn"]
[Black "Strugnell, Carl"]
[Result "1-0"]
[Board "2"]
[WhiteID "11100400"]
[WhiteElo "2248"]
[WhiteTitle "FM"]
[WhiteCountry "BAR"]
[WhiteFideId "11100400"]
[WhiteEloChange "10"]
[BlackID "616753"]
[BlackElo "2239"]
[BlackTitle "FM"]
[BlackCountry "WLS"]
[BlackFideId "616753"]
[BlackEloChange "-10"]

1. e4 {[%clk 1:30:55]} e5 {[%clk 1:30:27]} 2. Nf3 {[%clk 1:31:15]} Nc6 {[%clk
1:30:52]} 3. d4 {[%clk 1:31:40]} exd4 {[%clk 1:31:16]} 4. Nxd4 {[%clk 1:32:05]}
Nf6 {[%clk 1:31:34]} 5. Nxc6 {[%clk 1:32:04]} bxc6 {[%clk 1:31:57]} 6. e5 {[%clk
1:32:29]} Qe7 {[%clk 1:32:18]} 7. Qe2 {[%clk 1:32:50]} Nd5 {[%clk 1:32:38]} 8. c4
{[%clk 1:32:59]} Nb6 {[%clk 1:33:02]} 9. Nc3 {[%clk 1:33:06]} Qe6 {[%clk
1:33:02]} 10. Qe4 {[%clk 1:33:08]} d5 {[%clk 1:33:03]} 11. exd6 {[%clk 1:33:22]}
Qxe4+ {[%clk 1:33:25]} 12. Nxe4 {[%clk 1:33:47]} cxd6 {[%clk 1:33:48]} 13. b3
{[%clk 1:33:32]} d5 {[%clk 1:26:09]} 14. cxd5 {[%clk 1:33:49]} Nxd5 {[%clk
1:21:35]} 15. Bc4 {[%clk 1:34:04]} Bf5 {[%clk 1:17:27]} 16. Ng3 {[%clk 1:31:12]}
Bb4+ {[%clk 1:17:20]} 17. Bd2 {[%clk 1:31:07]} Bg6 {[%clk 1:17:43]} 18. Bxb4
{[%clk 1:20:03]} Nxb4 {[%clk 1:17:57]} 19. O-O-O {[%clk 1:18:17]} O-O {[%clk
1:06:45]} 20. f4 {[%clk 1:10:29]} h5 {[%clk 1:07:01]} 21. f5 {[%clk 1:08:43]} Bh7
{[%clk 1:07:26]} 22. a3 {[%clk 1:08:13]} Nd5 {[%clk 1:07:29]} 23. Bxd5 {[%clk
1:06:51]} cxd5 {[%clk 1:07:53]} 24. Rxd5 {[%clk 1:06:38]} Rac8+ {[%clk 0:55:07]}
25. Kb2 {[%clk 0:59:41]} Rfe8 {[%clk 0:55:00]} 26. Rc1 {[%clk 0:56:38]} Rxc1
{[%clk 0:54:57]} 27. Kxc1 {[%clk 0:57:06]} h4 {[%clk 0:55:21]} 28. Nh5 {[%clk
0:54:38]} Kf8 {[%clk 0:54:27]} 29. Kd2 {[%clk 0:54:10]} Rb8 {[%clk 0:49:18]} 30.
b4 {[%clk 0:53:56]} Rb6 {[%clk 0:49:44]} 31. b5 {[%clk 0:19:12]} Bxf5 {[%clk
0:37:01]} 32. Rxf5 {[%clk 0:19:17]} g6 {[%clk 0:37:25]} 33. Rd5 {[%clk 0:15:36]}
gxh5 {[%clk 0:37:37]} 34. Rxh5 {[%clk 0:15:02]} Rg6 {[%clk 0:35:39]} 35. Rxh4
{[%clk 0:15:04]} Rxg2+ {[%clk 0:36:07]} 36. Kc3 {[%clk 0:15:15]} Ke7 {[%clk
0:27:41]} 37. Ra4 {[%clk 0:15:15]} Kd6 {[%clk 0:28:06]} 38. Rxa7 {[%clk 0:15:32]}
f5 {[%clk 0:28:33]} 39. Rf7 {[%clk 0:09:13]} Rxh2 {[%clk 0:27:50]} 40. Rxf5
{[%clk 0:39:16]} Rh4 {[%clk 0:58:17]} 41. Kb3 {[%clk 0:39:32]} Rg4 {[%clk
0:58:02]} 42. a4 {[%clk 0:39:24]} Rh4 {[%clk 0:58:27]} 43. Rf6+ {[%clk 0:39:34]}
Kc7 {[%clk 0:57:42]} 44. Rc6+ {[%clk 0:39:48]} Kb7 {[%clk 0:58:08]} 45. Rc4
{[%clk 0:39:38]} Rh1 {[%clk 0:57:44]} 46. Kb4 {[%clk 0:39:54]} Rb1+ {[%clk
0:58:02]} 47. Ka5 {[%clk 0:40:13]} Rh1 {[%clk 0:58:27]} 48. Rg4 {[%clk 0:40:32]}
Rh7 {[%clk 0:58:44]} 49. Kb4 {[%clk 0:40:10]} Rf7 {[%clk 0:57:49]} 50. a5 {[%clk
0:40:24]} Ka7 {[%clk 0:55:54]} 51. Rd4 {[%clk 0:38:33]} Kb7 {[%clk 0:55:04]} 52.
Rd5 {[%clk 0:38:14]} Ka7 {[%clk 0:52:00]} 53. Kc5 {[%clk 0:37:09]} Rc7+ {[%clk
0:51:17]} 54. Kd6 {[%clk 0:36:49]} Rc2 {[%clk 0:51:42]} 55. Rc5 {[%clk 0:36:53]}
Rd2+ {[%clk 0:52:06]} 56. Rd5 {[%clk 0:31:00]} Rc2 {[%clk 0:52:31]} 57. Rd1
{[%clk 0:30:20]} Kb7 {[%clk 0:51:24]} 58. Rh1 {[%clk 0:28:07]} Rd2+ {[%clk
0:51:46]} 59. Kc5 {[%clk 0:28:36]} Rc2+ {[%clk 0:52:10]} 60. Kb4 {[%clk 0:28:58]}
Rb2+ {[%clk 0:52:08]} 61. Kc4 {[%clk 0:29:23]} Rc2+ {[%clk 0:52:22]} 62. Kb3
{[%clk 0:29:52]} Rc7 {[%clk 0:52:12]} 63. Kb4 {[%clk 0:30:01]} Rg7 {[%clk
0:52:29]} 64. a6+ {[%clk 0:28:43]} Ka7 {[%clk 0:52:13]} 65. Ka5 {[%clk 0:28:53]}
Rg5 {[%clk 0:52:30]} 66. Rh7+ {[%clk 0:29:04]} Kb8 {[%clk 0:52:36]} 67. Rd7
{[%clk 0:28:44]} Rh5 {[%clk 0:50:22]} 68. Kb6 {[%clk 0:28:46]} Rh6+ {[%clk
0:50:39]} 69. Kc5 {[%clk 0:29:10]} Rh5+ {[%clk 0:49:10]} 70. Kc6 {[%clk 0:29:25]}
Rh6+ {[%clk 0:49:20]} 71. Rd6 {[%clk 0:29:35]} Rh8 {[%clk 0:49:38]} 72. b6 {[%clk
0:29:47]} Rg8 {[%clk 0:42:57]} 73. Kd7 {[%clk 0:29:38]} Rg1 {[%clk 0:42:34]} 74.
Ke7 {[%clk 0:29:42]} Re1+ {[%clk 0:42:56]} 75. Kf6 {[%clk 0:29:22]} Rf1+ {[%clk
0:43:21]} 76. Ke5 {[%clk 0:28:49]} Re1+ {[%clk 0:43:46]} 77. Kd4 {[%clk 0:27:59]}
Rd1+ {[%clk 0:44:05]} 78. Kc5 {[%clk 0:28:24]} Rc1+ {[%clk 0:44:23]} 79. Kb4
{[%clk 0:28:40]} Rb1+ {[%clk 0:43:46]} 80. Kc3 {[%clk 0:29:03]} Rc1+ {[%clk
0:44:11]} 81. Kb2 {[%clk 0:29:22]} Rc8 {[%clk 0:44:28]} 82. Kb3 {[%clk 0:28:51]}
Rh8 {[%clk 0:44:21]} 83. Rd5 {[%clk 0:29:08]} Rg8 {[%clk 0:43:34]} 84. Kb4 {[%clk
0:29:32]} Ka8 {[%clk 0:40:56]} 85. Kb5 {[%clk 0:29:39]} Rb8 {[%clk 0:40:36]} 86.
Rh5 {[%clk 0:29:21]} Rg8 {[%clk 0:38:58]} 87. a7 {[%clk 0:29:24]} Rg7 {[%clk
0:39:06]} 88. Rh8+ {[%clk 0:29:47]} 1-0

[Event "Baku Chess Olympiad | Open"]
[Site "chess24.com"]
[Date "2016.09.12"]
[Round "10"]
[White "Kett, Tim"]
[Black "Poon, Yu Tien"]
[Result "1-0"]
[Board "3"]
[WhiteID "1801210"]
[WhiteElo "2227"]
[WhiteCountry "WLS"]
[WhiteFideId "1801210"]
[WhiteEloChange "9"]
[BlackID "11101393"]
[BlackElo "2196"]
[BlackTitle "FM"]
[BlackCountry "BAR"]
[BlackFideId "11101393"]
[BlackEloChange "-9"]

1. e4 {[%clk 1:30:53]} c5 {[%clk 1:30:52]} 2. c3 {[%clk 1:31:09]} d5 {[%clk
1:31:09]} 3. exd5 {[%clk 1:31:30]} Qxd5 {[%clk 1:31:34]} 4. d4 {[%clk 1:31:50]}
Nf6 {[%clk 1:30:30]} 5. Nf3 {[%clk 1:32:11]} e6 {[%clk 1:30:01]} 6. Bd3 {[%clk
1:29:00]} Nc6 {[%clk 1:28:55]} 7. O-O {[%clk 1:27:56]} Be7 {[%clk 1:27:22]} 8.
Be3 {[%clk 1:27:16]} O-O {[%clk 1:21:03]} 9. dxc5 {[%clk 1:12:04]} Bxc5 {[%clk
1:17:58]} 10. Bxc5 {[%clk 1:11:33]} Qxc5 {[%clk 1:18:03]} 11. Nbd2 {[%clk
1:11:32]} Rd8 {[%clk 1:13:22]} 12. Qe2 {[%clk 1:10:01]} Qh5 {[%clk 0:42:37]} 13.
Ne4 {[%clk 1:01:45]} Nd5 {[%clk 0:38:02]} 14. Rad1 {[%clk 0:55:28]} Nf4 {[%clk
0:25:37]} 15. Qe3 {[%clk 0:54:18]} Qg4 {[%clk 0:25:00]} 16. Ng3 {[%clk 0:54:05]}
Nd5 {[%clk 0:24:24]} 17. Qe4 {[%clk 0:50:44]} Nf6 {[%clk 0:20:24]} 18. Qxg4
{[%clk 0:41:46]} Nxg4 {[%clk 0:20:50]} 19. Bb5 {[%clk 0:39:48]} Bd7 {[%clk
0:20:12]} 20. Ne4 {[%clk 0:38:40]} a6 {[%clk 0:17:51]} 21. Ba4 {[%clk 0:35:01]}
b5 {[%clk 0:13:45]} 22. Bc2 {[%clk 0:32:30]} Nge5 {[%clk 0:11:49]} 23. Nc5 {[%clk
0:28:06]} Nxf3+ {[%clk 0:06:12]} 24. gxf3 {[%clk 0:28:30]} Be8 {[%clk 0:04:51]}
25. Be4 {[%clk 0:28:13]} f5 {[%clk 0:05:18]} 26. Bc2 {[%clk 0:25:48]} Kf7 {[%clk
0:04:56]} 27. Bb3 {[%clk 0:25:37]} Kf6 {[%clk 0:04:09]} 28. Nxe6 {[%clk 0:25:09]}
Rxd1 {[%clk 0:03:46]} 29. Rxd1 {[%clk 0:25:31]} Ne5 {[%clk 0:03:57]} 30. Nc7
{[%clk 0:19:15]} Rc8 {[%clk 0:03:25]} 31. Nxe8+ {[%clk 0:19:05]} Rxe8 {[%clk
0:03:53]} 32. f4 {[%clk 0:17:46]} Nf7 {[%clk 0:02:44]} 33. Rd7 {[%clk 0:16:22]}
Re1+ {[%clk 0:01:46]} 34. Kg2 {[%clk 0:16:45]} Nh6 {[%clk 0:02:06]} 35. Ra7
{[%clk 0:14:42]} Re2 {[%clk 0:00:46]} 36. h3 {[%clk 0:14:42]} Kg6 {[%clk
0:00:31]} 37. Rxa6+ {[%clk 0:14:35]} Kh5 {[%clk 0:00:57]} 38. Bd1 {[%clk
0:14:34]} 1-0